| 000 | 01156nam0a22002531 4500 | ||
|---|---|---|---|
| 001 | rc\729358 | ||
| 005 | 20040301141637.6 | ||
| 035 | _a(NLR Aleph) 006260128 | ||
| 090 |
_a6839774 _c6839774 |
||
| 100 | _a20040301d1985 u |0rusy50 ca | ||
| 101 | 0 | _arus | |
| 102 | _aRU | ||
| 105 | _ay ||||||||| | ||
| 200 | 1 |
_aОсновы правовых знаний _e(Второй год обучения) _eМетод. рекомендации в помощь пропагандистам и слушателям комс. полит. учебы _fДом полит. просвещения Мин. обкома КП Белоруссии, Обл. орг. о-ва "Знание" _g[Подгот.: Г.С. Дробязко, к. ю. н. и др.] |
|
| 210 |
_aМинск _cБ. и. _d1985 |
||
| 215 |
_a42 с. _d20 |
||
| 320 | _aБиблиогр.: с. 42 | ||
| 702 | 1 |
_aДробязко _bГ. С. _gГеоргий Степанович _4570 |
|
| 712 | 0 | 2 |
_aМинский обл. дом политического просвещения _3RU\NLR\AUTH\889939313 |
| 801 | 0 |
_aRU _bNLR _gpsbo |
|
| 801 | 1 |
_aRU _bELAR _2rusmarc |
|
| 852 |
_aNLR _j86-4/25218 |
||
| 942 | _cBOOK | ||
| 980 | _aNB | ||